Vlivy na určení skladové kapacity

Činitele vplývajúce na skladovú kapacitu. Rýchlosť obratu zásob. Kolísanie a rast predaja. Sortiment položiek. Položkové a skladové jednotky. Vzťah rýchlosti obratu a priemerných zásob. Organizácia a štruktúra skladu. Skladovacia technika a stupeň objemového využitia. Určenie skladovej kapacity.

Salvato in:
Dettagli Bibliografici
Autore principale: Kubát, Jiří
Natura: Capitolo di libro
Lingua:ceco
Soggetti:
Tags: Aggiungi Tag
Nessun Tag, puoi essere il primo ad aggiungerne!!

MARC

LEADER 00000naa a2200000 4500
001 r034247
005 20230922090525.1
041 0 |a cze 
044 |a CZ 
245 1 0 |a Vlivy na určení skladové kapacity  |c Jiří Kubát 
520 |a Činitele vplývajúce na skladovú kapacitu. Rýchlosť obratu zásob. Kolísanie a rast predaja. Sortiment položiek. Položkové a skladové jednotky. Vzťah rýchlosti obratu a priemerných zásob. Organizácia a štruktúra skladu. Skladovacia technika a stupeň objemového využitia. Určenie skladovej kapacity. 
610 2 0 |a sklady 
610 2 0 |a hospodárstvo skladové 
610 2 0 |a zásoby 
610 2 0 |a obrat tovaru 
610 2 0 |a manipulácia s tovarom 
610 2 0 |a technika riadenia 
610 2 0 |a predaj 
100 1 |a Kubát, Jiří